A summer bright and terrible (Record no. 60812)
[ view plain ]
| 000 -LEADER | |
|---|---|
| fixed length control field | 01646nam a2200397 a 4500 |
| 082 04 - DEWEY DECIMAL CLASSIFICATION NUMBER | |
| Classification number | 940.54/211 |
| 100 1# - MAIN ENTRY--AUTHOR NAME | |
| Personal name | Fisher, David E., |
| 245 12 - TITLE STATEMENT | |
| Title | A summer bright and terrible |
| 260 ## - PUBLICATION, DISTRIBUTION, ETC. (IMPRINT) | |
| Place of publication | [Washington, D.C.] : |
| Name of publisher | Shoemaker & Hoard : |
| -- | Distributed by Publishers Group West, |
| Year of publication | c2005. |
| 300 ## - PHYSICAL DESCRIPTION | |
| Number of Pages | xvi, 287 p. : |
| Other physical details | ill., map. |
| 650 #0 - SUBJECT ADDED ENTRY--TOPICAL TERM | |
| Topical Term | Britain, Battle of, Great Britain, 1940. |
| Topical Term | Air warfare |
| 856 40 - ELECTRONIC LOCATION AND ACCESS | |
| Uniform Resource Identifier | http://site.ebrary.com/lib/rucke/Doc?id=10320152 |
No items available.
